| 000 | 00503nam a2200169Ia 4500 | ||
|---|---|---|---|
| 008 | 231217s9999 xx 000 0 und d | ||
| 020 | _a81-7758-752-8 | ||
| 041 | _aEnglish | ||
| 082 | _a658.42 ZIM R | ||
| 100 | _aZimmerer, Thomas W Scarborough, Norman M | ||
| 245 | 0 | _aEssentials of entrepreneurship amd small business management | |
| 250 | _a4th ed. | ||
| 260 |
_c2005 _bPearson _aNew Delhi |
||
| 300 | _a592 | ||
| 650 | _aEssentials,entrepreneurship,small,business,management | ||
| 942 | _cAA | ||
| 999 |
_c177618 _d177618 |
||